Wins: Charles Leclerc - Estadísticas

Estadísticas generales
  • Esta prueba ha sido intentada 14 veces
  • La puntuación promedio es 17 de 46
Estadísticas de respuestas
año Team Respuesta % Correcto
2026 Ferrari Monaco
85%
2032 Hyper Monaco
85%
2036 Hyper Monaco
85%
2027 Ferrari Spain
62%
2029 Ferrari Spain
62%
2035 Hyper Spain
62%
2022 Ferrari Australia
54%
2025 Ferrari Australia
54%
2027 Ferrari Australia
54%
2032 Hyper Australia
54%
2019 Ferrari Monza
54%
2022 Ferrari Austria
46%
2025 Ferrari Austria
46%
2026 Ferrari Austria
46%
2028 Ferrari Austria
46%
2033 Hyper Austria
46%
2019 Ferrari Belgium
46%
2028 Ferrari Belgium
46%
2026 Ferrari Las Vegas
46%
2027 Ferrari Las Vegas
46%
2022 Ferrari Bahrain
38%
2028 Ferrari Imola
38%
2026 Ferrari Japan
38%
2035 Hyper Japan
38%
2036 Hyper Japan
38%
2025 Ferrari Mexico
38%
2026 Ferrari Saudi Arabia
38%
2028 Ferrari Saudi Arabia
38%
2030 Ferrari Germany
31%
2027 Ferrari Azerbaijan
23%
2026 Ferrari Netherlands
23%
2030 Ferrari Netherlands
23%
2033 Hyper Singapore
23%
2033 Hyper Chile
15%
2035 Hyper Senegal
15%
2032 Hyper South Africa
15%
2027 Ferrari South Korea
15%
2036 Hyper Hawai
8%
2024 Ferrari Hongary
8%
2026 Ferrari Hongary
8%
2034 Hyper New Zealand
8%
2026 Ferrari Romania
8%
2027 Ferrari United Arab Emirates
8%
2026 Ferrari United Estates
8%
2027 Ferrari Vietnam
8%
2029 Ferrari Vietnam
8%
No se encontraron pruebas coincidentes
Distribución de puntuación
Porcentaje de gente con cada puntuación
Porcentaje por número respondido
Historial de tus puntuaciones
No has intentado esta prueba.